| 000 | 00604nam a22002057a 4500 | ||
|---|---|---|---|
| 999 |
_c6234 _d6234 |
||
| 003 | AR-CdUCM | ||
| 008 | 190314b ||||| |||| 00| 0 spa d | ||
| 040 |
_aMUNICIPALIDAD PROVINCIAL DEL CUSCO _cBIBLIOTECA MUNICIPAL DEL CUSCO |
||
| 082 |
_a869.119 / _bR35 |
||
| 100 |
_aPalma, Rios _917961 |
||
| 245 |
_aEl poema de las Rosas : _bY otro poemas / |
||
| 260 |
_aBuenos Aires : _bBayardo, |
||
| 300 |
_a24 paginas ; _c18cm. |
||
| 440 |
_aAmerica Literaria _n13 _917962 |
||
| 650 |
_aPoesias y Arte _917963 |
||
| 650 |
_aLiteratura _983 |
||
| 650 |
_aArgentina _9511 |
||
| 942 |
_2ddc _cLIBROS |
||
| 945 | _apjha | ||